Guess the Broadway Lyrics 4 Quiz Stats

 Plays Quiz not verified by Sporcle

Also try: Fifty Funny People
Challenge
Share
Tweet
Embed
Score 0/90 Timer 10:00
0 Plays Today
% Correct
a
97%
a
97%
a
97%
a
97%
a
97%
a
97%
a
97%
A
97%
and
92.9%
and
92.9%
and
92.9%
and
92.9%
and
92.9%
you
87.2%
to
72.5%
to
72.5%
to
70.7%
for
62.7%
for
62.7%
for
62.7%
for
62.7%
for
62.7%
for
62.7%
for
62.7%
there.
58.1%
there
58.1%
my
56.6%
my
56.6%
of
55.3%
of
55.3%
% Correct
us,
48.3%
us.
48.3%
us
48.3%
us,
48.3%
us,
48.3%
us,
48.3%
us.
48.3%
time
46.8%
time
46.8%
Time
46.8%
time
46.8%
Time
46.8%
time
46.8%
time
46.8%
Some
46.7%
Some
46.7%
I'll
46.7%
Some
46.7%
we're
45.8%
There's
44.5%
There's
44.5%
There's
44.5%
place
43.7%
place
43.7%
place
43.7%
place
43.7%
day
43.5%
day!
43.5%
day,
43.5%
Somewhere
40.1%
% Correct
Somewhere.
40.1%
Somewhere.
40.1%
Somewhere . . .
40.1%
Somewhere!
40.1%
with
37.7%
take
37%
hand
34.2%
hand
34.2%
We'll
33.7%
We'll
33.7%
Hold
33.5%
Hold
33.5%
way
32.8%
way
32.8%
find
31.8%
find
31.8%
halfway
31.8%
new
30.4%
together
30%
spare,
29.9%
Somehow,
29.4%
care,
28.5%
living,
28%
Peace
26.4%
quiet
26.1%
open
25.8%
forgiving
25.4%
air
25.2%
Wait
23.8%
learn,
17.3%

You're not logged in!

Compare scores with friends on all Sporcle quizzes.
OR
Log In

You Might Also Like...

Show Comments

Extras

Top Quizzes Today


Score Distribution

Your Account Isn't Verified!

In order to create a playlist on Sporcle, you need to verify the email address you used during registration. Go to your Sporcle Settings to finish the process.

Report this User

Report this user for behavior that violates our Community Guidelines.

Details: